000 00323nam a22001457a 4500
008 180917b xxu||||| |||| 00| 0 eng d
020 _a9605000210
041 _aeng
080 _a902
082 _a902
100 _a45
101 _aARK
245 _aThe Archaeological museum of delphi
_cCarabatea,M
942 _2udc
_cBK
999 _c47832
_d47832